000 00618nam a22001937a 4500
008 240408b |||||||| |||| 00| 0 eng d
020 _a9789789332403
040 _aNLN
_bEnglish
_eAACR2
050 _aDT515.83
_b.A3
082 _a923.4669
100 _aAKANBI, M.M.A.
_938010
245 _aThe story of my world,challenges,experiences and achievement:
_ban autobiography/
_cM.M.A. Akanbi
260 _a[s.l]:
_bOptimum Law Publication,
_c2014.
300 _axxiv,412p.:
_bill.,ports.;23cm.
563 _a(pbk)
650 _aAkanbi, M.M.A., 1932-
_938011
650 _aJudges
_vNigeria
_xBiography
_938012
942 _cBK
999 _c19006
_d19006